| 000 | 00621nam a2200205 i 4500 | ||
|---|---|---|---|
| 001 | 147730 | ||
| 003 | ES-MaACL | ||
| 005 | 20260612132716.0 | ||
| 007 | t| | ||
| 008 | 071005q19501959gw ||||1| fre d | ||
| 080 | _a008(498)(04) | ||
| 100 | 1 |
_aUscatescu, Jorge, _d1919-1995 _9112293 |
|
| 245 | 1 | 4 |
_aLes caractères de la culture roumaine _b: extrait. |
| 260 |
_aMünchen : _b[s.n., _cs.a.] |
||
| 300 |
_a7 p. ; _c24 cm. |
||
| 500 | _aEs tirada aparte de la "Revista Scritorilor Români". 4 München. | ||
| 651 | 4 |
_aRumanía- _xCivilización. _99322 |
|
| 852 |
_aES-MaACL _j2049-F-5 _bR.59628 |
||
| 999 |
_c147730 _d147730 |
||